Compact Lie groups

Αποθηκεύτηκε σε:
Λεπτομέρειες βιβλιογραφικής εγγραφής
Κύριος συγγραφέας: Sepanski, Mark R. (Mark Roger)
Μορφή: Βιβλίο
Γλώσσα:English
Δημοσίευση: New York, N.Y. : Springer, c2007
Σειρά:Graduate texts in mathematics ; ; 235
Θέματα:
Ετικέτες: Προσθήκη ετικέτας
Δεν υπάρχουν, Καταχωρήστε ετικέτα πρώτοι!

MARC

LEADER 00000nam a2200000 i 4500
001 1/51246
008 070808s2007 eng d
020 |a 978-0-387-30263-8 
020 |a 0-387-30263-8 
035 |l 10089670 
040 |a GR-MY-UA  |b gre  |e aacr 
041 0 |a eng 
082 0 |a 512.482  |2 (22) 
100 1 |a Sepanski, Mark R.  |q (Mark Roger) 
245 1 0 |a Compact Lie groups /  |c Mark R. Sepanski 
260 |a New York, N.Y. :   |b Springer,   |c c2007 
300 |a xii, 198 σ.;  |b εικ.;  |c 25 εκ. 
490 1 |a Graduate texts in mathematics  |v ; 235 
504 |a Περιλαμβάνει βιβλιογραφικές παραπομπές (σ. [187]-191) και ευρετήριο. 
650 0 0 |a Lie groups. 
650 0 0 |a Compact groups. 
830 0 |a Graduate texts in mathematics ;  |v ; 235 
852 |a INST  |b SAMOS  |e 20070808  |h 512.482 SEP  |p 005300025530  |q 005300025530  |t BK  |y 0 
901 |a BIBL3-2007-2 
909 |a Σ  |b 136791 
922 |a 3ΕΛΗ  |b 200707  |c ΕΠΕΑΕΚ2/ΤΜΗΜΑ ΜΑΘΗΜΑΤΙΚΩΝ  |d ΕΛΕΥΘΕΡΟΥΔΑΚΗΣ 
970 |a ΣΙΤΖΙΜΗ  |b ΓΙΑΣΕΜΗ  |z 2007/08/08